000
00193 a2200097 4500
020
_a
9781936787821
041
_a
eng
100
_a
deKrester, Michelle
245
_a
The life to come
942
_c
BK
999
_c
31912
_d
31910